00284nam a2200121Ia 4500008004100000041000900041082002000050100001500070245002700085260003300112300000900145650000800154230718s9999 xx 000 0 und d aEng. a347.5491bMAH-T aMahmood, M 4athe Specific relif Ace aPakistanbAl-QanoonPubc2014 a1575 aLaw